| 000 | 01249nam a2200349 i 4500 | ||
|---|---|---|---|
| 003 | CO-BoRNBP | ||
| 005 | 20220317000940.0 | ||
| 007 | ta | ||
| 008 | 160801t2014 sp ao gr 000 0 spa d | ||
| 020 | _a9788434224568 | ||
| 040 |
_aCO-BoRNBP _bspa _cCO-BoRNBP _erda |
||
| 041 | 0 | _aspa | |
| 082 | 0 | 4 |
_a796.14 _bT73j _223 |
| 100 | 1 |
_aTrias, Núria, _eautora |
|
| 245 | 1 | 0 |
_aJuegos de música y expresión corporal _cTextos Núria Trias, Susana Pérez ; ilustrado por Luis Filella ; editor Jesús Araújo |
| 250 | _aDécimo tercera edición | ||
| 264 | 4 |
_aMadrid, España _bParramón _c2014 |
|
| 300 |
_a192 páginas _bilustraciones, fotografías a color _c28 cm _e1 CD |
||
| 336 |
_atexto _btxt _2rdacontent |
||
| 337 |
_asin mediación _bn _2rdamedia |
||
| 338 |
_avolumen _bnc _2rdacarrier |
||
| 500 | _aIncluye glosario | ||
| 500 | _aIncluye CD con título -juegos de música y expresión corporal | ||
| 521 | _aRecomendado para un público adulto | ||
| 650 | 1 | 7 |
_aJuegos con música _2ARMARC |
| 650 | 1 | 7 |
_aJuegos infantiles _2ARMARC |
| 650 | 1 | 7 |
_aCanciones infantiles _2ARMARC |
| 700 | 1 |
_aPérez, Susana _eautora _9204737 |
|
| 700 | 1 |
_aFilella, Luis _d1961- _eilustrador _9204738 |
|
| 700 | 1 |
_aAraújo, Jesús _eeditor _9204739 |
|
| 942 |
_2ddc _cBK |
||
| 999 |
_c5487 _d5487 |
||